Municipalities of Jilin Province - Statistics

General Stats
  • This quiz has been taken 115 times
  • The average score is 6 of 9
Answers on the Map
Answers color-coded by a green-red scale on the quiz's map according to % correct below.
 
Answer Stats
Answer % Correct
Changchun 长春
96%
Jilin 吉林
96%
Yanbian Korean 延边
67%
Baishan 白山
63%
Siping 四平
59%
Baicheng 白城
52%
Songyuan 松原
52%
Tonghua 通化
52%
Liaoyuan 辽源
48%
No matching quizzes found
Score Distribution
Percent of People with Each Score
Percentile by Number Answered
Your Score History
You have not taken this quiz